| 000 | 00729nam a2200241Ia 4500 | ||
|---|---|---|---|
| 005 | 20231110090648.0 | ||
| 008 | 131103s9999 xx 000 0 und d | ||
| 020 | _a185336102x | ||
| 040 | _aLoreto College | ||
| 041 | _aEnglish | ||
| 082 |
_a232 _bBIB |
||
| 100 | _aBible. N.T. English. Authorised. Selections. | ||
| 245 |
_aHis Face _bImages of Christ in Art |
||
| 250 |
_aselections from the king james version of the Bible _bedited by Marion Wheeler |
||
| 260 |
_aNew York _bChameleon Books _c1989 |
||
| 300 |
_a127p. _b Coloured plates |
||
| 630 | _aJesus Christ and his family | ||
| 650 | _aJesus Christ - 1985 | ||
| 651 | _aVisual arts | ||
| 700 | _aWheeler, Marion; ed. | ||
| 850 | _aLCLIB | ||
| 942 | _cBK | ||
| 999 |
_c23106 _d73585 |
||